| Tag |
First Indicator |
Second Indicator |
Subfields |
| LEADER |
00000nam a2200000 4500 |
| 001 |
in00004317153 |
| 005 |
20200812075031.0 |
| 006 |
m g d |
| 007 |
cr bn |||a|bb| |
| 008 |
941118s1657 enk o 00| | eng d |
| 035 |
|
|
|a (UnM)99826011
|
| 037 |
|
|
|a CL0037000066
|b ProQuest Information and Learning. 300 N. Zeeb Rd., Ann Arbor, MI 48106
|
| 040 |
|
|
|a Cu-RivES
|c Cu-RivES
|d CStRLIN
|e dcrb
|d WaOLN
|
| 100 |
1 |
|
|a Fenner, William,
|d 1600-1640.
|
| 245 |
0 |
4 |
|a The vvorks of W. Fenner B. of Divinity.
|
| 246 |
2 |
|
|a Works of W. Fenner B. of Divinity.
|
| 246 |
2 |
|
|a Soules looking-glasse.
|
| 260 |
|
|
|a [London] :
|b Printed for W. Gilbertson at the Bible in Giltspur street without New-gate,
|c 1657.
|
| 300 |
|
|
|a 1 online resource ([10], 200 pages :
|b illustrations.
|
| 336 |
|
|
|a text
|b txt
|2 rdacontent
|
| 337 |
|
|
|a computer
|b c
|2 rdamedia
|
| 338 |
|
|
|a online resource
|b cr
|2 rdacarrier
|
| 500 |
|
|
|a With engraved frontispiece.
|
| 500 |
|
|
|a Place of publication from Wing.
|
| 500 |
|
|
|a "A treatise of the affections" and "The soules looking-glasse" have separate title pages, with imprint: London, printed by E. Tyler, for William Gilbertson, at the signe of the Bible in Giltspur-Street without Newgate. 1656; register and pagination are continuous.
|
| 500 |
|
|
|a Reproduction of the original in the Lambeth Palace Library.
|
| 510 |
4 |
|
|a Wing (2nd edition)
|c F679.
|
| 533 |
|
|
|a Electronic reproduction.
|b Ann Arbor, Mich. :
|d 1999-
|f (Early English books online)
|n Digital version of: (Early English books, 1641-1700 ; 1758:62)
|7 s1999 miun s
|
| 650 |
|
0 |
|a Christian life
|v Early works to 1800.
|
| 650 |
|
0 |
|a Spiritual life
|v Early works to 1800.
|
| 650 |
|
0 |
|a Conscience
|v Early works to 1800.
|
| 650 |
|
0 |
|a Sermons, English
|y 17th century.
|
| 730 |
0 |
|
|a Treatise of the affections.
|
| 730 |
0 |
|
|a Souls looking-glasse.
|
| 830 |
|
0 |
|a Early English books online.
|
| 856 |
4 |
0 |
|u http://proxy.library.tamu.edu/login?url=https://search.proquest.com/docview/2248521357
|z Connect to the full text of this electronic book
|t 0
|
| 999 |
f |
f |
|s 08ffa82f-3c4e-3632-9951-1464ca29a387
|i 47870c3f-53b4-3f76-b677-75de14e44874
|t 0
|
| 952 |
f |
f |
|a Texas A&M University
|b College Station
|c Electronic Resources
|d Available Online
|t 0
|h No information provided
|
| 998 |
f |
f |
|t 0
|l Available Online
|